Statistics for Countries Where Turkey Has a Military Base

Click here to take the quiz!

General Stats

  • This quiz has been taken 56 times
    (55 since last reset)
  • The average score is 6 of 11

Answer Stats

Country % Correct
Cyprus
94%
Syria
88%
Iraq
84%
Azerbaijan
78%
Somalia
47%
Afghanistan
45%
Albania
41%
Sudan
41%
Qatar
39%
Kosovo
24%
Bosnia and Herzegovina
22%

Score Distribution

Percentile by Number Answered

Percent of People with Each Score

Your Score History

You have not taken this quiz since the last reset